000
00301nam a2200121Ia 4500
008
190216s9999||||xx |||||||||||||| ||und||
100
_a
James Wilford G
245
0
_a
Political Science And Goverment
260
_b
American Book Co
_c
1935
300
_a
750p
650
_a
Political Science
942
_c
BK
999
_c
34780
_d
34780